000 00608nam a2200241 a 4500
001 nice12345678
003 IN_TiNIC
005 20260116011436.0
008 050524s1919 lona grp 000 0 eng
020 _a
_c100
082 0 0 _a296.123
_bOES
100 _aOesterley, W O E
245 _aSayings of the Jewish Fathers
_b Pirke Aboth.
260 _aLondon
_bSociety for Promoting Christian Knowledg
_c1919
300 _a103p
500 _aincludes index and biblioraphy
505 2 _aIndex
650 _aMishnah
700 1 _aOesterley, W O E
902 _bSRS
942 _cBK
999 _c1576
_d1576